| 000 | 00516 a2200169 4500 | ||
|---|---|---|---|
| 999 |
_c41367 _d41367 |
||
| 003 | OSt | ||
| 005 | 20211022111540.0 | ||
| 008 | 211022b ||||| |||| 00| 0 eng d | ||
| 020 | _a9788194521822 | ||
| 040 | _coclc | ||
| 082 |
_a954.83 _bTHA/S |
||
| 100 |
_91921 _aThangal, M I |
||
| 245 |
_aSwathanthrya Samarathil Muslim Samudhayam / _cM I Thangal |
||
| 260 |
_aMalappuram: _bGrace Educational Association, _c2020. |
||
| 300 | _a187 pages | ||
| 942 |
_2ddc _cBK _h954.83 _iTHA/S _k954.83 _mTHA/S |
||